000 00983nam a22002651u 4500
001 04251
003 HDC
007 cr bn ---
008 21011662008 my engy
040 _aHDC
110 _aPasukan Petugas Khas Pemudah Cara Perniagaan
245 0 _aANNUAL REPORT 2008 =
_bLAPORAN TAHUNAN 2008 /
_cby PEMUDAH
260 _aPetaling Jaya, Selangor :
_bPEMUDAH,
_c2008
300 _a47 pages :
_bcolour illustrations, colour photographs
336 _atext
_2rdacontent
337 _acomputer
_2rdamedia
338 _aonline resource
_2rdacarrier
650 _aCorporate culture
_zMalaysia
_94382
650 _aPublic-private sector cooperation
_zMalaysia
_94381
710 _aPasukan Petugas Khas Pemudah Cara Perniagaan
856 _zRequest full-text at [email protected]
942 _2lcc
942 _cEIS
942 _kAREP 000097
999 _c1576
_d1576